000 00469nam a2200193Ia 4500
005 20240823020417.0
008 240823s9999||||xx |||||||||||||| ||und||
020 _a81-7758-270-4
041 _aENGLISH
082 _A005.133 P6
100 _a"Cadenhead,Rogers"
245 0 _aProgramming with Java in 24 Hours
250 _a4th
260 _c2006
_b"Pearson,"
500 _aTRANSFERED
650 _aJAVA
_bInformation Technology
942 _cBK
999 _c174688
_d174688